Top 20 Cities by GDP per capita - Statistics

General Stats
  • This quiz has been taken 721 times
  • The average score is 9 of 20
Answer Stats
Rank GDP $ Per Capita City % Correct
11 57,329 New York City
95%
20 52,391 Los Angeles
82%
16 54,430 Paris
81%
6 63,236 Zurich
69%
2 74,057 Oslo
68%
8 61,458 Stockholm
68%
10 58,783 San Francisco
66%
9 60,074 Boston
60%
12 56,601 Seattle
56%
7 62,943 Washington DC
54%
18 54,078 Munich
51%
14 55,578 Dublin
47%
13 56,050 Houston
45%
4 63,859 Abu Dhabi
27%
3 68,141 San Jose
24%
1 75,086 Hartford
8%
17 54,080 Calgary
7%
5 63,555 Bridgeport
5%
19 52,454 Buffalo
3%
15 55,335 Des Moines
2%
No matching quizzes found
Score Distribution
Percent of People with Each Score
Percentile by Number Answered
Your Score History
You have not taken this quiz